01794nam a22002177a 4500003000900000005001700009008004100026040001300067100002700080245007200107250000600179260004800185300001700233490002700250520097000277942001201247999001701259952010001276952010001376952010001476IT-RoPau20220918175941.0130209b xxu||||| |||| 00| 0 eng d cIT-RoPau aSgarbossa, Eliseo9400 aRiccardo Andrea Borello.bUna vita donata sulle strade del Vangelo. aI aRomabPostulazione Generale della SSPc1990 a79 p.c21 cm aSocietà San PaolovI aIndice Al lettore 1. Che significa essere "orfani di guerra" 2. La scuola di una madre 3. Un ragazzo negli "anni ruggenti" 4. L'eredità più preziosa 5. Il fascino di Maggiorino Vigolungo 6. Nel campo di Dio 7. In divisa 8. Novizio della Città eterna 9. Quanto pesa la carta 10. I sandali dell'Apostolo e la guerra 11. " Tra lo spago e la bandiera..." 12. Apprendisti e discepoli 13. " Un apostolo non sta mai in ozio" 14. Rispettando le priorità 15. Studiare: perché? 16. " Essere più furbi del diavolo" 17. Un amico fraterno 18. Passegiate "in avanscoperta" 19. " Nessuno ha un amore più grande..." 20. L'ultima " Via Crucis" 21. " Nell'ora della nostra morte..." 22. "Come un giorno di festa" 23. L'esaltazione di un umile 24. Un santo in tuta di lavoro 25. Un cristiano-apostolo per il nostro tempo Appendice Le preghiere che recitava Fr. Andrea Borello Altre pubblicazioni su Fr. Andrea Borello  2ddccBK c38042d38042 00102ddc406P_B671aPAULUSbPAULUSd2013-02-09l0oP B6r2013-02-09 00:00:00w2013-02-09yBK 00102ddc406P_B671aPAULUSbPAULUSd2013-02-09l0oP B6r2013-02-09 00:00:00w2013-02-09yBK 00102ddc406P_B671aPAULUSbPAULUSd2013-02-09l0oP B6r2013-02-09 00:00:00w2013-02-09yBK